|
|
|
|
| LEADER |
05460nam a22003857a 4500 |
| 001 |
45019 |
| 003 |
BD-DhAAL |
| 005 |
20251110160210.0 |
| 008 |
251110t2025 ii a b 001 0 eng d |
| 020 |
|
|
|a 9789355426666 (softcover)
|
| 040 |
|
|
|a BD-DhAAL
|c BD-DhAAL
|
| 082 |
|
|
|a 005.1
|2 23
|
| 100 |
|
|
|a Huyen, Chip,
|e author.
|9 59791
|
| 245 |
|
|
|a AI engineering :
|b building applications with foundation models /
|c Chip Huyen.
|
| 246 |
3 |
8 |
|a AI engineering
|
| 260 |
|
|
|a Navi Mumbai :
|b Shroff Publishers and Distributors ;
|a Sebastopol, CA :
|b O'Reilly Media,
|c c2025 [reprinted].
|
| 300 |
|
|
|a xxi, 509 pages :
|b color illustrations ;
|c 23 cm
|
| 500 |
|
|
|a First edition : December 2024
|
| 504 |
|
|
|a Includes bibliographical references and index.
|
| 520 |
|
|
|a Recent breakthroughs in AI have not only increased demand for AI products, they've also lowered the barriers to entry for those who want to build AI products. The model-as-a-service approach has transformed AI from an esoteric discipline into a powerful development tool that anyone can use. Everyone, including those with minimal or no prior AI experience, can now leverage AI models to build applications. In this book, author Chip Huyen discusses AI engineering: the process of building applications with readily available foundation models. The book starts with an overview of AI engineering, explaining how it differs from traditional ML engineering and discussing the new AI stack. The more AI is used, the more opportunities there are for catastrophic failures, and therefore, the more important evaluation becomes. This book discusses different approaches to evaluating open-ended models, including the rapidly growing AI-as-a-judge approach. AI application developers will discover how to navigate the AI landscape, including models, datasets, evaluation benchmarks, and the seemingly infinite number of use cases and application patterns. You'll learn a framework for developing an AI application, starting with simple techniques and progressing toward more sophisticated methods, and discover how to efficiently deploy these applications. Understand what AI engineering is and how it differs from traditional machine learning engineering Learn the process for developing an AI application, the challenges at each step, and approaches to address them Explore various model adaptation techniques, including prompt engineering, RAG, fine-tuning, agents, and dataset engineering, and understand how and why they work Examine the bottlenecks for latency and cost when serving foundation models and learn how to overcome them Choose the right model, dataset, evaluation benchmarks, and metrics for your needs Chip Huyen works to accelerate data analytics on GPUs at Voltron Data. Previously, she was with Snorkel AI and NVIDIA, founded an AI infrastructure startup, and taught Machine Learning Systems Design at Stanford. She's the author of the book Designing Machine Learning Systems, an Amazon bestseller in AI. AI Engineering builds upon and is complementary to Designing Machine Learning Systems (O'Reilly).
|
| 526 |
|
|
|a CSE
|x Annajiat Alim Rasel
Senior Lecturer
Department of Computer Science and Engineering
BRAC University
Course Type : General
|
| 541 |
|
|
|a Book Finder International
|e 45019, 45020, 45021, 45022, 45023
|
| 650 |
|
|
|a Software engineering.
|
| 650 |
|
|
|a Artificial intelligence
|x Technological innovations.
|9 59808
|
| 650 |
|
|
|a Application software
|x Development.
|
| 650 |
|
|
|a Machine learning.
|
| 650 |
|
|
|a Computer science.
|
| 852 |
|
|
|a Ayesha Abed Library
|c General Stacks
|
| 942 |
|
|
|c BK
|2 ddc
|
| 999 |
|
|
|c 47624
|d 47624
|
| 952 |
|
|
|0 0
|1 0
|2 ddc
|4 0
|6 005_100000000000000_HUY
|7 0
|9 78435
|a BRACUL
|b BRACUL
|c NEW
|d 2025-11-04
|e Book Finder International
|g 3143.00
|l 3
|m 18
|o 005.1 HUY
|p 3010045019
|q 2026-06-02
|r 2026-04-20
|s 2026-04-20
|t 1
|v 6286.00
|w 2025-11-04
|y BK
|x Requisitioned by Annajiat Alim Rasel (Senior Lecturer, Department of Computer Science and Engineering, BRAC University).
|
| 952 |
|
|
|0 0
|1 0
|2 ddc
|4 0
|6 005_100000000000000_HUY
|7 0
|9 78436
|a BRACUL
|b BRACUL
|c GEN
|d 2025-11-04
|e Book Finder International
|g 3143.00
|l 3
|m 25
|o 005.1 HUY
|p 3010045021
|q 2026-05-21
|r 2026-04-19
|s 2026-04-19
|t 3
|v 6286.00
|w 2025-11-04
|y BK
|x Requisitioned by Annajiat Alim Rasel (Senior Lecturer, Department of Computer Science and Engineering, BRAC University).
|
| 952 |
|
|
|0 0
|1 0
|2 ddc
|4 0
|6 005_100000000000000_HUY
|7 0
|9 78437
|a BRACUL
|b BRACUL
|c GEN
|d 2025-11-04
|e Book Finder International
|g 3143.00
|l 2
|m 22
|o 005.1 HUY
|p 3010045022
|q 2026-06-02
|r 2025-12-03
|s 2025-12-03
|t 4
|v 6286.00
|w 2025-11-04
|y BK
|x Requisitioned by Annajiat Alim Rasel (Senior Lecturer, Department of Computer Science and Engineering, BRAC University).
|
| 952 |
|
|
|0 0
|1 0
|2 ddc
|4 0
|6 005_100000000000000_HUY
|7 0
|9 78438
|a BRACUL
|b BRACUL
|c CIR
|d 2025-11-04
|e Book Finder International
|g 3143.00
|l 2
|o 005.1 HUY
|p 3010045020
|r 2026-01-05
|s 2026-01-05
|t 2
|v 6286.00
|w 2025-11-04
|y 1HOUR
|x Requisitioned by Annajiat Alim Rasel (Senior Lecturer, Department of Computer Science and Engineering, BRAC University) ; As instructed by the University Librarian, the book has been placed on a one hour loan period following the receipt of five copies.
|
| 952 |
|
|
|0 0
|1 0
|2 ddc
|4 0
|6 005_100000000000000_HUY
|7 0
|9 78439
|a BRACUL
|b BRACUL
|c GEN
|d 2025-11-04
|e Book Finder International
|g 3143.00
|l 2
|m 11
|o 005.1 HUY
|p 3010045023
|r 2026-05-20
|s 2026-02-24
|t 5
|v 6286.00
|w 2025-11-04
|y BK
|x Requisitioned by Annajiat Alim Rasel (Senior Lecturer, Department of Computer Science and Engineering, BRAC University).
|